Opening spaces : an anthology of contemporary African women's writings (Record no. 33195)

MARC details
000 -LEADER
fixed length control field 00585nam a2200181Ia 4500
020 ## - INTERNATIONAL STANDARD BOOK NUMBER
ISBN 9780435910105
050 ## - CALL MARK
Classification number PL 8011 .O64 /
245 #0 - TITLE STATEMENT
Title Opening spaces : an anthology of contemporary African women's writings
250 ## - EDITION / VOLUME STATEMENT
Edition / Volume statement 2nd ed.
260 ## - PUBLICATION, DISTRIBUTION, ETC. (IMPRINT)
Place of publication Harlow
260 ## - PUBLICATION, DISTRIBUTION, ETC. (IMPRINT)
Name of publisher Heinemann
260 ## - PUBLICATION, DISTRIBUTION, ETC. (IMPRINT)
Year of publication 1999
300 ## - PHYSICAL DESCRIPTION
Number of Pages 186 p
650 ## - SUBJECT ADDED ENTRY--TOPICAL TERM
Topical Term African literature--Women authors. African literature (English)--Women authors. Women--Africa--Literary collections. Africa--Literary collections.
942 ## - ADDED ENTRY ELEMENTS (KOHA)
Koha item type Books
Holdings
Withdrawn status Lost status Source of classification or shelving scheme Damaged status Not for loan Permanent Location Current Location Date acquired Accession Number Price effective from Koha item type
    Library of Congress Classification     NILE UNIVERSITY OF NIGERIA - MAIN LIBRARY NILE UNIVERSITY OF NIGERIA - MAIN LIBRARY 04/23/2025 0004564 04/23/2025 Books